| 000 | 00548ntaaa2200193 4500 | ||
|---|---|---|---|
| 003 | 01 | ||
| 005 | 20251027202227.0 | ||
| 008 | 0714s1973 ag 01 | ||
| 040 |
_aAR-BaBN _bspa _cAR-BaBN _eaacr _dRIC |
||
| 082 | _a268.1000 C26p | ||
| 100 |
_aCasa Bautista de Publciaciones _920788 |
||
| 245 | _aPrograma de adoración | ||
| 250 | _a1 ed. | ||
| 260 |
_aEl Paso : _bCasa Bautista de Publicaciones, _c1965 |
||
| 300 | _a24 p | ||
| 500 | _aEscuela bíblica de vacaciones. Música. Programa. | ||
| 650 | _aescuela bíblica de vacaciones | ||
| 942 | _cBK | ||
| 999 |
_c17155 _d17155 |
||